000 01065nam a22002057a 4500
999 _c59554
_d59554
003 Ge_BSU
005 20230314114955.0
008 230314s2008 ge ||||| |||| 00| 0 geo d
020 _a9789941006654
041 _ageo
080 _a34(038) 81'374.26:34=124=353.1 კ-24
100 _aკაპანაძე, ნუნუ
_917202
245 _aლათინურ-ქართული იურიდიული ლექსიკონი = Latin-georgian legal dictionary /
_cნუნუ კაპანაძე, მარინა კვაჭაძე ; [რედ.: ლადო ჭანტურია, მანანა ტაბიძე].
264 _aთბილისი,
_c2008.
300 _a86გვ. ;
_b21სმ.
490 _aსახალხო დამცველის ბიბლიოთეკა
653 _aლათინურ-ქართული იურიდიული ლექსიკონი
700 _aკვაჭაძე, მარინა
_eრედაქტორი
_99368
942 _2udc
_cBK